Etnické stereotypy z pohledu různých vědních oborů
Record details
- ISBN: 80-85010-34-8
- Physical Description: 123 s. ; 21 cm
- Publisher: Brno : Etnologický ústav AV ČR Brno, 2001
Content descriptions
| General Note: | 200 výt. Část. slovenský text, souběžný anglický úvod, anglická resumé Podnázev v tiráži: sborník ze stejnojmenného semináře konaného dne 23.10.2000 v Brně |
| Bibliography, etc. Note: | Obsahuje bibliografie |
Search for related items by subject
| Subject: | národní mentalita stereotypy National characteristics > Congresses Stereotype (Psychology) > Congresses Evropa střední > etnické vztahy Europe, Central > Ethnic relations > Congresses |
| Genre: | sborníky konferencí |
Available copies
- 1 of 1 copy available at Common Catalog SPOK.
Holds
- 0 current holds with 1 total copy.
Show Only Available Copies
| Location | Call Number / Copy Notes | Barcode | Shelving Location | Status | Due Date |
|---|---|---|---|---|---|
| Varianty | Cho Et | 4605401362 | Šafaříkova 17 - 5. patro, chodba | Available | - |
Electronic resources
Version of Resource: Digitalizovaný dokument
| LDR | 01875cam a2200493 a 4500 | ||
|---|---|---|---|
| 001 | 31877 | ||
| 003 | CZ-PrJAB | ||
| 005 | 20190524140427.0 | ||
| 007 | ta | ||
| 008 | 020314s2001 xr e 100 0 cze d | ||
| 015 | . | ‡acnb000891179 | |
| 020 | . | ‡a80-85010-34-8 ‡q(brož.) | |
| 035 | . | ‡a(CZ PrNK)cpk20020891179 | |
| 035 | . | ‡a(OCoLC)51190542 | |
| 040 | . | ‡aKLG001 ‡bcze ‡dABA001 | |
| 041 | 0 | . | ‡acze ‡aslo ‡beng |
| 043 | . | ‡aec----- | |
| 072 | 7. | ‡a316.4/.7 ‡xSociální interakce. Sociální komunikace ‡2Konspekt ‡918 | |
| 080 | . | ‡a323.1 ‡2MRF | |
| 080 | . | ‡a316.647.8 ‡2MRF | |
| 080 | . | ‡a159.922.4 ‡2MRF | |
| 080 | . | ‡a(4-191.2) ‡2MRF | |
| 080 | . | ‡a(062.534) ‡2MRF | |
| 111 | 2 | . | ‡aEtnické stereotypy z pohledu různých vědních oborů ‡d(2000 : ‡cBrno, Česko) |
| 245 | 1 | 0. | ‡aEtnické stereotypy z pohledu různých vědních oborů |
| 260 | . | ‡aBrno : ‡bEtnologický ústav AV ČR Brno, ‡c2001 | |
| 300 | . | ‡a123 s. ; ‡c21 cm | |
| 500 | . | ‡a200 výt. | |
| 500 | . | ‡aČást. slovenský text, souběžný anglický úvod, anglická resumé | |
| 500 | . | ‡aPodnázev v tiráži: sborník ze stejnojmenného semináře konaného dne 23.10.2000 v Brně | |
| 504 | . | ‡aObsahuje bibliografie | |
| 650 | 0 | 7. | ‡anárodní mentalita ‡7ph123434 ‡2czenas |
| 650 | 0 | 7. | ‡astereotypy ‡7ph126102 ‡2czenas |
| 650 | 0 | 9. | ‡aNational characteristics ‡xCongresses ‡2eczenas |
| 650 | 0 | 9. | ‡aStereotype (Psychology) ‡xCongresses ‡2eczenas |
| 651 | 7. | ‡aEvropa střední ‡7ge137882 ‡xetnické vztahy ‡2czenas | |
| 651 | 9. | ‡aEurope, Central ‡xEthnic relations ‡xCongresses ‡2eczenas | |
| 655 | 7. | ‡asborníky konferencí ‡7fd133333 ‡2czenas | |
| 856 | 4 | 1. | ‡uhttp://krameriusndk.nkp.cz/search/handle/uuid:f9081150-e110-11e5-a3e0-005056827e51 ‡yDigitalizovaný dokument |
| 910 | . | ‡aABH006 | |
| 964 | . | ‡astereotypy - 0005313 | |
| 964 | . | ‡anárodní mentalita - 0005194 | |
| 964 | . | ‡aetnické vztahy - 0003094 | |
| 901 | . | ‡a31877 ‡b ‡c31877 ‡tbiblio | |